Ensiklopedia makanan penawar untuk kesihatan tubuh

Bibliographic Details
Main Author: Wade, Carlson (Author)
Other Authors: Baharuddin Ayudin (Editor), Zarina Musa (Translator), Translation of: . Wade, Carlson
Format: Book
Language:Malay
Published: Kuala Lumpur : Crescent News (K. L.) Sdn. Bhd. 2010
Edition:Edisi terjemahan Bahasa Malaysia
Subjects:

MARC

LEADER 00000cam a2200000 7i4500
001 0000028091
005 20241121.0
008 180816 my may
020 |a 9789830618548 (paperback) 
040 |a INS   |b eng   |e rda 
090 0 0 |a RM217.2   |b .W33 2010 
100 1 |a Wade, Carlson ,   |e author 
245 1 0 |a Ensiklopedia makanan penawar untuk kesihatan tubuh   |c Carlson Wade ; Penterjemah Zarina Musa ; Penyunting Baharuddin Ayudin 
246 3 3 |a Judul asal : Encyclopedia of power food 
250 |a Edisi terjemahan Bahasa Malaysia 
264 1 |a Kuala Lumpur :   |b Crescent News (K. L.) Sdn. Bhd.   |c 2010 
300 |a 353 pages ;   |c 23 cm. 
336 |a text  |2 rdacontent 
337 |a unmediated  |2 rdamedia 
338 |a volume  |2 rdacarrier 
650 0 |a Diet therapy 
650 0 |a Health food   |x Encyclopedias 
650 0 |a Nutrition 
700 0 |a Baharuddin Ayudin ,   |e editor 
700 0 |a Zarina Musa ,   |e translator 
700 1 |a Translation of: .  |a Wade, Carlson   |t ENCYCLOPAEDIA OF POWER FOOD 
999 |a 1000003534   |b BOOK   |c Open Shelf   |e Default branch